000 00217nam a2200085Ia 4500
008 120527s9999 xx 000 0 und d
100 _aWhitley, E.
245 _aPrinciples of research in Behavioural science
942 _cBK
999 _c27445
_d27445